Statistics for Cities in Song Titles

Click here to take the quiz!

General Stats

  • This quiz has been taken 62 times
  • The average score is 10 of 20

Answer Stats

ArtistSongLyrics% Correct
The Clash{London} CallingThe ice age is coming, the sun is zooming in Engines stop running, the wheat is growin' thin
89%
Elvis PresleyViva {Las Vegas}Bright light city gonna set my soul Gonna set my soul on fire
89%
Tony BennettI Left My Heart in {San Francisco}To be where little cable cars climb halfway to the stars
87%
Elton John{Philadelphia} FreedomShine the light, won't you shine the light ____________ freedom, I love-ve-ve you, yes I do
66%
Glenn Miller{Chattanooga} Choo ChooPardon me boy, is that the ......
60%
KISS{Detroit} Rock CityGet up Everybody's gonna move their feet Get down Everybody's gonna leave their seat
58%
Glen Campbell{Wichita} LinemanI am a lineman for the county and I drive the main road
57%
Glen CampbellBy the Time I Get to {Phoenix}By the time I get to _______ she'll be rising She'll find the note I left hangin' on her door
53%
The Four Lads / They Might Be Giants{Istanbul} (Not {Constantinople})That's nobody's business but the Turks
53%
Marty RobbinsEl PasoOut in the West Texas town of _______ I fell in love with a Mexican girl
49%
Deep PurpleMy Woman From {Tokyo}My woman from _____ She's so good to me
49%
Camila CabelloHavanaHalf of my heart is in ______, ooh-na-na (ay, ay)
47%
Crosby Stills & Nash{Marrakesh} ExpressTake the train from Casablanca going south
45%
traditional 19th century{Buffalo} Galswon't you come out tonight And dance by the light of the moon?
34%
Bob DylanStuck Inside of {Mobile} with the {Memphis} Blues AgainOh, Mama, can this really be the end To be stuck inside .........
34%
English Hymn (by Robert Blake) covered by Emerson Lake & PalmerJerusalemAnd did those feet in ancient time, Walk upon England's mountains green?
32%
The DovellsThe {Bristol} StompThe kids in _______ are sharp as a pistol When they do .....
21%
Wilbert HarrisonKansas CityThey got some crazy little women there and I'm gonna get me one
19%
Bob SegerKatmanduI think I'm going to ________ That's really, really Where I'm going to
19%
Grateful Dead{Mexicali} BluesLaid back in an old saloon, with a peso in my hand Watchin' flies and children on the street
2%

Score Distribution

Percentile by Number Answered

Percent of People with Each Score

Your Score History

You have not taken this quiz